Statistics for Countries of the Dutch Empire

Click here to take the quiz!

General Stats

  • This quiz has been taken 26 times
  • The average score is 17 of 29

Answer Stats

HintAnswer% Correct
AsiaIndonesia
92%
EuropeBelgium
88%
AfricaSouth Africa
88%
AsiaIndia
84%
South AmericaSuriname
84%
North AmericaUnited States
84%
AsiaJapan
76%
South AmericaBrazil
72%
North AmericaCanada
72%
AsiaChina
72%
EuropeLuxembourg
72%
AfricaGhana
68%
AsiaMalaysia
68%
AsiaSri Lanka
68%
OceaniaAustralia
64%
AsiaBangladesh
64%
AsiaThailand
60%
South AmericaGuyana
56%
AfricaIvory Coast
52%
AsiaTaiwan
52%
AfricaTogo
52%
AfricaAngola
40%
AfricaMorocco
40%
AfricaSenegal
40%
AfricaCameroon
36%
South AmericaChile
36%
AfricaMauritius
36%
AfricaSao tome and Principe
20%
AsiaKuwait
8%

Score Distribution

Percentile by Number Answered

Percent of People with Each Score

Your Score History

You have not taken this quiz